| 000 | 01280cad a2200265 4500 | ||
|---|---|---|---|
| 001 | E128863 | ||
| 008 | 020404s2005 xxk 000 0 eng u | ||
| 020 | _a1853974226 | ||
| 035 | _a(Sirsi) u128863 | ||
| 041 | _aeng | ||
| 050 |
_a338.78 _c18 |
||
| 110 |
_aScottish Natural Heritage _92794 |
||
| 245 | 0 | 0 |
_aScottish outdoor access code _bpublic access to Scotland's outdoors _h[electronic resource] |
| 260 |
_aBattleby _bSNH _c2005 |
||
| 300 | _a133p. ; 21cm. | ||
| 520 | _aThe Land Reform (Scotland) Act 2003 establishes a statutory right of responsible access to land and inland waters for outdoor recreation, crossing land, and some educational and commercial purposes. The Scottish Outdoor Access Code gives detailed guidance on your responsibilities when exercising access rights and if you are managing land and water. The Act sets out where and when access rights apply. The Code defines how access rights should be exercised. | ||
| 590 | _aNB | ||
| 650 | _aACCESS TO LAND | ||
| 650 | _aACCESS RIGHTS | ||
| 650 | _aSCOTTISH OUTDOOR ACCESS CODE | ||
| 651 | 4 |
_aScotland _y1999- |
|
| 690 | _aENVIRONMENTAL AND LAND CONSULTANCY | ||
| 856 | 4 | 0 |
_uhttps://www.outdooraccess-scotland.com _zView the code free of charge at www.outdooraccess-scotland.com... |
| 942 | _n0 | ||
| 999 |
_c104027 _d104027 |
||